|
|
|
|
| LEADER |
00000ckm a2200000 a 4500 |
| 001 |
vtls012000966 |
| 003 |
SK-MaSNL |
| 005 |
20260331211828.0 |
| 007 |
kf co |
| 008 |
230718s1988 xo g 0kuslo |
| 015 |
|
|
|a SNBG1988
|
| 035 |
|
|
|a urn:nbn:sk:snk-km00gih5
|
| 035 |
|
|
|a 594CEF44-4B58-44CA-916A-C44A28D7E7EC
|
| 040 |
|
|
|a SNK
|b slo
|c SNK
|e AACR2
|
| 041 |
0 |
|
|a slo
|
| 043 |
|
|
|a e-xo---
|
| 044 |
|
|
|a xo
|c SK
|
| 072 |
|
7 |
|a 908(437)
|x Vlastiveda Česka a Slovenska
|2 konspekt
|
| 080 |
|
|
|a 913(437.6)
|2 2011
|
| 080 |
|
|
|a 908(437.6)
|2 2011
|
| 080 |
|
|
|a 797.148
|2 2011
|
| 080 |
|
|
|a 725.84
|2 2011
|
| 080 |
|
|
|a 711.455
|2 2011
|
| 080 |
|
|
|a 627.81
|2 2011
|
| 080 |
|
|
|a (084.121)
|2 2011
|
| 080 |
|
|
|a 629.525
|2 2011
|
| 080 |
|
|
|a 629.97
|2 2011
|
| 100 |
1 |
|
|a Čenková, Emília
|4 pht
|9 177114
|
| 245 |
1 |
0 |
|a Zemplínska šírava
|h grafika
|b letná rekreačná oblasť na východnom Slovensku pod úpätím Vihorlatu
|c foto: E. Čeňková ; výtvarný návrh: K. Izakovič
|
| 246 |
1 |
|
|i Názov na obrazovej časti:
|a Zemplínska šírava
|
| 260 |
|
|
|a Bratislava
|b ČSTK-Pressfoto
|c 1988
|e Skalica
|f Grafobal
|
| 300 |
|
|
|a 1 pohľadnica (4 čiastkové pohľady)
|b farebná
|c 11 x 15 cm
|
| 520 |
8 |
|
|a Zobrazenie: Štyri čiastkové pohľady, každý v bielom orámovaní. Všetky spolu v modro-bielom orámovaní. V druhom pohľade je dole bielym písmom názov. Pohľad na windsurfera na vodnej nádrži. Pohľad na výletnú loď na vodnejnádrži. Pohľad na jachtu pri brehu vodnej nádrže, na brehu vidno budovy rekreačných zariadení. Pohľad na jachtu vľavo na vodnej nádrži, v pozadí je kopcovitý breh
|
| 650 |
0 |
7 |
|a vodné nádrže
|2 SNKPH
|9 4190
|
| 650 |
0 |
7 |
|a windsurfing
|2 SNKPH
|9 25829
|
| 650 |
0 |
7 |
|a rekreačné zariadenia
|2 SNKPH
|9 3012
|
| 650 |
0 |
7 |
|a rekreačné oblasti
|2 SNKPH
|9 69057
|
| 650 |
0 |
7 |
|a jachty
|2 SNKPH
|9 68366
|
| 650 |
0 |
7 |
|a lode
|2 SNKPH
|9 28713
|
| 651 |
|
7 |
|a Zemplínska šírava (Slovensko : vodná nádrž)
|2 SNKPHgeo
|9 110374
|
| 651 |
|
7 |
|a Zemplínska šírava (Slovensko : rekreačná oblasť)
|2 SNKPHgeo
|9 113109
|
| 655 |
|
7 |
|a geografické pohľadnice
|2 SNKPH
|9 70522
|
| 655 |
|
7 |
|a miestne pohľadnice
|2 SNKPH
|9 70510
|
| 700 |
1 |
|
|a Izakovič, K.
|c (grafik)
|4 art
|9 179239
|
| 852 |
|
|
|a Slovenská národná knižnica
|
| 954 |
|
|
|a pohľadnice pôvodné (slovenské)
|2 lita
|
| 958 |
|
|
|a GBN
|
| 958 |
|
|
|a GC
|
| 958 |
|
|
|a OND
|
| 999 |
|
|
|c 868549
|d 870479
|
| 952 |
|
|
|a SNK
|b SNK
|y PREZ
|7 0
|p 17A1283511
|o snkSP 139958
|i snk2805/88
|0 0
|1 0
|4 0
|d 2020-11-02
|f 1
|l 0
|r 2026-02-24 05:34:16
|w 2026-02-24
|
| 952 |
|
|
|a SNK
|b SNK
|y PREZ
|7 0
|p 17A1283406
|o snkSP 139958 D1
|i snk2806/88
|0 0
|1 0
|4 0
|d 2020-11-02
|l 0
|r 2026-02-24 05:34:16
|w 2026-02-24
|